000 00889cai a22001935a 4500
001 L144597
008 080730u stk g v 000 0 eng d
035 _a(Sirsi) u144597
041 0 _aeng
110 2 _aScottish Law Commission
_91410
245 0 0 _aScottish Law Commission
_h[electronic resource]
520 _aThe website of the Scottish Law Commission aims to recommend ways of simplifying, updating and improving the laws of Scotland. Provides information free of charge on the Scottish Law Commission and its structure. Presents its current program of Law reform, current projects and publications (discussion papers, reports, news releases and newsletter).
590 _aKA
650 2 4 _aSCOTTISH LAW COMMISSION
651 4 _aScotland
_y1999-
690 _aLAW
856 4 0 _uhttps://www.scotlawcom.gov.uk/
_zView this website free of charge at www.scotlawcom.gov.uk
942 _n0
999 _c120677
_d120677